Responses for show #7823 - Wednesday, September 19, 2018

Kyle Jones game 6. Alex has a mustache.

Contestants

[<< previous game]

Jordan Moore, a librarian from Atlanta, Georgia

Jonathan Lau, an actuarial consultant from Jersey City, New Jersey

Kyle Jones, a music teacher from Aurora, Colorado (whose 5-day cash winnings total $107,602)

[next game >>]

Jeopardy! Round responses

CELEBRITIES' FASHION LINES
WORLD HISTORY
AMONG TIME'S 50 BEST PODCASTS OF 2018
THIS & THAT
SAY IT 3 TIMES
WHERE "YU" GOIN'?
    $200 7
(Kyle: Who is Parker? ...[*].)

Sarah Jessica Parker

Kyle
    $200 1
apartheid

Jordan
    $200 2
Bill O'Reilly

Jordan
    $200 9
a tuxedo

Jonathan
    $200 19
row, row, row

Jordan
    $200 26
the Yukon River

Jonathan
    $400 11
Beyoncé

Jonathan
    $400 8
Desert Storm

Jonathan
    $400 3
(Jonathan: What is The New York Times?)

Reddit

Jonathan
Triple Stumper
    $400 10
the ruble

Jonathan
    $400 20
all right, all right, all right

Jordan
    $400 27
Yucatán

Jordan
    $600 12
(Jordan: Who is Williams?)
(Alex: Be more specific.)
(Jordan: Serena Williams.)
(Alex: No.)
(Jordan: Who is--)

Venus Williams

JonathanJordan
    $600 15
the Ottoman Empire

Jordan
    $600 4
Kendrick Lamar

Jordan
    $600 16
(Jordan: Who is Bordeaux?)

Rothschild

Jordan
Triple Stumper
    $600 21
Beetlejuice, Beetlejuice, Beetlejuice

Kyle
    $600 28
[The end-of-round signal sounds.]

Yugoslavia

Jordan
    $800 13
Sean Combs, Puffy Combs

Jonathan
    $800 24
the Khmer Rouge

Kyle
    $800 5
30 for 30

Jordan
    $800 17
(Suze) Orman

Jordan
    $1,000 22
(Alex: Less than a minute to go.)

location, location, location

Kyle
    $1000 14
Justin Timberlake

Jonathan
    $1000 25
the triumvirate

Jordan
    $1000 6
Bharara

Jonathan
    $1000 18
(Jonathan: What is an android?)

an automaton

JonathanJordan
    $1000 23
(Jonathan: What is ding, ding, ding?)
(Jordan: What is ring, ring, ring?)

clang, clang, clang

JonathanJordan
Triple Stumper

Scores at the first commercial break (after clue 15):

Kyle Jonathan Jordan
$200 $4,400 $1,800

Scores at the end of the Jeopardy! Round:

Kyle Jonathan Jordan
$2,600 $2,600 $4,600

Double Jeopardy! Round responses

LEONARD BERNSTEIN AT 100
POETS & POETRY
HOT, CROSS NUNS
DOUBLE "B"s
AWARDS & HONORS
HERE'S YOUR METAL
    $400 1
composing and conducting

Kyle
    $400 26
Keats

Kyle
    $400 21
Blues Brothers

Jordan
    $400 6
bubble gum

Jonathan
    $400 11
the Rhodes

Kyle
    $400 16
tin

Jonathan
    $800 2
the "Ode To Joy"

Kyle
    $800 27
once upon a midnight dreary

Kyle
    $800 22
Sister Act

Jordan
    $800 7
(Jonathan: What is an abbot?)
...
(Alex: Abbot is the one who stays at the [*].)

abbey

KyleJonathan
    $800 12
(Jonathan: Who is Lugosi--no.)

(Bram) Stoker

KyleJonathan
    $800 17
lead

Jordan
    $1200 3
West Side Story

Kyle
    $1200 28
[The end-of-round signal sounds.]

Frost

Jordan
    $1200 23
(Alex: And we have less than a minute now.)

Meryl Streep

Jonathan
    $1200 8
cobble

Kyle
    $1200 13
the Spingarn Medal

Triple Stumper
    $2,000 18
platinum

Jordan
    $1600 4
La Scala

Triple Stumper
    $1600 24
Elvis

Triple Stumper
    $1600 9
stubble

Kyle
    $3,000 14
(Alex: Kyle?)
(Kyle: What...)

the Order of the Garter

Kyle
    $1600 19
copper

Triple Stumper
    $2000 5
Tanglewood

Kyle
    $2000 25
Nacho Libre

Jonathan
    $2000 10
shabby

Kyle
    $2000 15
(Kyle: Who is Dalton?)

Joseph Priestley

Kyle
Triple Stumper
    $2000 20
bismuth

Jonathan

Scores at the end of the Double Jeopardy! Round:

Kyle Jonathan Jordan
$10,000 $7,000 $9,800

[wagering suggestions for these scores]

Final Jeopardy! Round responses

18th CENTURY AMERICANS
(Alex: [To Jordan] "Give me liberty, or give me death"--the last lines of that speech.)
JonathanWho is Revere?
$3,500
JordanWho is Patrick Henry
$6,999
KyleWho is Patrick Henry?
$9,601
Patrick Henry

Final scores:

Kyle Jonathan Jordan
$19,601 $3,500 $16,799
6-day champion: $127,203 3rd place: $1,000 2nd place: $2,000

Game dynamics:

Coryat scores:

Kyle Jonathan Jordan
$12,800 $7,000 $9,000
16 R
(including 1 DD),
2 W
(including 1 DD)
14 R,
5 W
17 R
(including 1 DD),
3 W

Combined Coryat: $28,800

The J! Archive is created by fans, for fans. The Jeopardy! game show and all elements thereof, including but not limited to copyright and trademark thereto, are the property of Jeopardy Productions, Inc. and are protected under law. This website is not affiliated with, sponsored by, or operated by Jeopardy Productions, Inc. Join the discussion at JBoard.tv.